000 01032nam a2200217Ii 4500
003 JO-AjNU
008 230605s9999||||xx |||||||||||||| ||und||
017 _a2007/23094
040 _aJO-AjNU
_bara
_erda
_cJO-AjNU
041 _aara
050 1 4 _aHE582.2008
100 3 _aلاشين،عبدالقادر فتحي/فريق خبراء من المنظمة العربية للتنمية الادارية,
_eauthor
_932885
245 0 0 _aالنقل البحري العربي في مواجهة التكتلات والاندماجات العالمية
264 3 1 _aالقاهرة: المنظمة العربية للتنمية الادارية،2008
300 _a479ص
_bيحتوي على ملاحق من ص 439-460،ببلوغرافية من ص463-479
336 _atext
_btxt
_2rdacontent
337 _aunmediated
_bn
_2rdamedia
338 _avolume
_bnc
_2rdacarrier
490 0 _aالمنظمة العربية للتنمية الادارية بحوث ودراسات
650 4 _aالنقل البحري -- عالم عربي
_932886
999 _aA13327
_c16895
_d16895